00749nam a22001937a 4500999001900000005001700019010001500036020002700051035001400078037001300092082001600105100002000121245014200141260004600283270004700329300002000376942003000396952012900426 c188485d18848520220525103400.0 aENG-132811 a9788181715562c1600.00 aEN-116343 bDBAD/PUB a593.6095488 aRaghunathan, C. aCorals and Associated Fauna:bIn North Reef, INterview, Latocuhe, Kwangtung and Shark Islands Sanctuaries, North Andaman/cC. Raghunathan aKolkatabZoological Survey of Indiac2020 a535, M-Block, New AliporebKolkatae700053 a188pc24cm(pbk) 2ddccENh593.6095488mRAG 001040718NFICaDBADbMd2022-05-25eDBAD/PUBg1600.00l0o593.6095488 RAGpEN-116343r2022-05-25 00:00:00t1v1600.00yEN